60 Second Blitz: Bible Books Quiz Stats

 Plays Quiz Updated Jul 16, 2015

Also try: Match 'Em Up Blitz
Challenge
Share
Tweet
Embed
Score 0/66 Timer 01:00
13 Plays Today
% Correct
Genesis
88.7%
Exodus
79.5%
John
79.2%
Luke
76.9%
Mark
76.7%
Matthew
75.6%
Numbers
66.6%
Leviticus
65%
Ruth
57%
Acts
52.5%
Psalms
52.2%
Deuteronomy
48.8%
Job
45.7%
Judges
45.1%
Revelation
44.7%
Romans
44.2%
1 Kings
42.5%
Joshua
41.7%
2 Kings
41.3%
1 Samuel
35.4%
Proverbs
34.4%
2 Samuel
34.1%
1 John
33%
Esther
32.6%
2 John
32.1%
3 John
28.2%
Ezra
27.6%
Jude
26.1%
1 Corinthians
24.9%
1 Peter
22.8%
2 Corinthians
22.4%
1 Chronicles
21.7%
2 Peter
21.6%
% Correct
James
20.4%
2 Chronicles
20.4%
Isaiah
18.8%
Nehemiah
18.7%
Daniel
17.5%
Song of Solomon
17.5%
Amos
17.1%
Ephesians
16.4%
Galatians
16%
Titus
15.7%
Jonah
15.3%
Hebrews
15.2%
Jeremiah
15%
Joel
15%
1 Timothy
14.9%
Micah
14.2%
2 Timothy
13.7%
Ezekiel
12.7%
Hosea
12.6%
Ecclesiastes
11.8%
Colossians
11%
Nahum
10.9%
Malachi
10.3%
Philippians
9.9%
Lamentations
9.9%
Obadiah
9.5%
Philemon
9.2%
Haggai
7.5%
1 Thessalonians
5.7%
Habakkuk
5.3%
2 Thessalonians
5%
Zephaniah
4.1%
Zechariah
4.1%

You're not logged in!

Compare scores with friends on all Sporcle quizzes.
Join for Free
OR
Log In

You Might Also Like...

Show Comments

Extras

Top Quizzes Today


Score Distribution

Your Account Isn't Verified!

In order to create a playlist on Sporcle, you need to verify the email address you used during registration. Go to your Sporcle Settings to finish the process.

Report this User

Report this user for behavior that violates our Community Guidelines.

Details: